Welcome to the Holygrace Academy Library

Please use search bar below to get started

AUTORIKSHAWKKARANTE BHARYA (Record no. 8710)

MARC details
000 -LEADER
fixed length control field 00343nam a22001337a 4500
082 ## - DEWEY DECIMAL CLASSIFICATION NUMBER
Classification number 894.812.3
Item number MUK/A
100 ## - MAIN ENTRY--AUTHOR NAME
Personal name MUKUNDAN, M
245 ## - TITLE STATEMENT
Title AUTORIKSHAWKKARANTE BHARYA
246 ## - VARYING FORM OF TITLE
Title proper/short title AUTORIKSHAWKKARANTE BHARYA
Remainder of title AUTORIKSHAWKKARANTE BHARYA
260 ## - PUBLICATION, DISTRIBUTION, ETC. (IMPRINT)
Place of publication KOTTAYAM, INDIA
Name of publisher D C
Year of publication 2016
300 ## - PHYSICAL DESCRIPTION
Number of Pages 93
650 ## - SUBJECT ADDED ENTRY--TOPICAL TERM
Topical Term MALAYALAM STORIES
942 ## - ADDED ENTRY ELEMENTS (KOHA)
Koha item type Books
Holdings
Withdrawn status Lost status Collection code Home library Current library Shelving location Date acquired Source of acquisition Cost, normal purchase price Full call number Accession Number Koha item type
    Fiction Main Library Main Library NEW SHELF WITH NEW ENTRY 04/06/2024 PURCHASED 120.00 894.812.3 MUK/A 13673 Books